| 000 | 00470nam a22001697a 4500 | ||
|---|---|---|---|
| 003 | CEME | ||
| 005 | 20210628203950.0 | ||
| 008 | 210315b xxu||||| |||| 00| 0 eng d | ||
| 020 | _a0-471-85954-0 | ||
| 040 | _c. | ||
| 082 | _a629.1323 KUE'F | ||
| 100 |
_aKuethe, Arnold M ,. Chow, Chuen Yen _968065 |
||
| 245 | _aFoundations of aerodynamics , bases of aerodynamics design | ||
| 260 |
_aNEWYORK _bJOHN WILEY _c1986 |
||
| 650 |
_aAERODYNAMICS _92589 |
||
| 942 |
_cBK _2ddc |
||
| 999 |
_c575720 _d575720 |
||